Carlos Ortiz Sueños (Record no. 3025)
[ view plain ]
| 000 - LÍDER | |
|---|---|
| campo de control de longitud fija | 00962nam a2200181Ia 4500 |
| 008 - ELEMENTOS DE DATOS DE LONGITUD FIJA - INFORMACIÓN GENERAL | |
| campo de control de longitud fija | 0000001991 pr a 0000000000spa00 |
| 090 ## - NÚMERO DE LLAMADA DE TIPO LC LOCALMENTE ASIGNADO (OCLC) | |
| Número de clasificación (OCLC) (R) | PPR00 O77c |
| 100 1# - ENTRADA PRINCIPAL - NOMBRE PERSONAL | |
| Nombre de la persona | Ortiz Sueños, Carlos |
| Fechas asociadas a un nombre | 1952 |
| 245 10 - TÍTULO DECLARACIÓN | |
| Título | Carlos Ortiz Sueños |
| Resto del título | : sueños danzantes, pintugrafias recientes sobre lienzo = mixed media paintings on canvas |
| Declaración de responsabilidad | / fotografías Nestor Madalengoitía ; traducción Laureano Corces, Carlos Sueños |
| 260 ## - PUBLICACIÓN, DISTRIBUCIÓN | |
| Lugar de publicación | Hato Rey (Puerto Rico) : Rojo y Negro Galería y Taller de Arte Moderno |
| Fecha de publicación | 1991 |
| 300 ## - DESCRIPCIÓN FÍSICA | |
| Alcance | [10] p. |
| Dimensiones | / 28 cm. |
| 500 ## - NOTA GENERAL | |
| Nota general | Con el patronazgo del maestro venezolano Jesús Rafael Soto (q.e.p.d.) \Registro auspiciado por el IDCT. Bogotá |
| 600 00 - ENTRADA DE SUJETO AÑADIDO - NOMBRE PERSONAL | |
| Nombre de la persona | ORTIZ SUEñOS, CARLOS, 1952/ |
| Subdivisión general | TRABAJOS PICTORICOS |
| 650 14 - ENTRADA DE SUJETO AÑADIDO - TÉRMINO TÓPICO | |
| Subdivisión general | CATALOGOS / PINTORES PUERTORRIQUEÑOS / ARTE CONTEMPORANEO PUERTORRIQUEÑO |
| 650 14 - ENTRADA DE SUJETO AÑADIDO - TÉRMINO TÓPICO | |
| Subdivisión general | EXPOSICIONES |
| 650 14 - ENTRADA DE SUJETO AÑADIDO - TÉRMINO TÓPICO | |
| Término tópico o elemento de entrada del nombre geográfico | PINTURA PUERTORRIQUEÑA |
| 700 1# - ENTRADA AGREGADA - NOMBRE PERSONAL | |
| Nombre de la persona | Madalengoitía, Néstor \ Corces, Laureano, tr. |
| Estado de retirada | Pérdida de estatus | Estado dañado | No para préstamo | Código de recogida | Ubicación permanente | Ubicación actual | Ubicación de las estanterías | Fecha de adquisición | Número de llamada completo | Código de barras | Fecha de la última vez que se vio | Número de copia | Precio efectivo desde | Tipo de artículo Koha |
|---|---|---|---|---|---|---|---|---|---|---|---|---|---|---|
| General | ArtNexus | ArtNexus | General | 06/09/2022 | P-PR-00 O77C | 3028 | 06/09/2022 | Ej.1 | 06/09/2022 | Libro |